| 000 | 01739nam a22002417a 4500 | ||
|---|---|---|---|
| 999 |
_c60200 _d60200 |
||
| 003 | Ge_BSU | ||
| 005 | 20230616172441.0 | ||
| 008 | 230616s2003 ge ||||| |||| 00| 0 geo d | ||
| 041 | _ageo | ||
| 080 | _a821.353.1.09-13 რ-93 | ||
| 245 |
_aრუსთველოლოგია : _bტომი II / _cრედაქტორი: გურამ ბენაშვილი, ნესტან სულავა ; საქართველოს მეცნიერებათა აკადემია, შოთა რუსთაველის სახელობის ქართული ლიტერატურის ინსტიტუტი. |
||
| 264 |
_aთბილისი, _c2003. |
||
| 300 |
_a 371 გვ.; _b21 სმ. |
||
| 500 | _aეძღვნება ვეფხვისტყაოსნის ვახტანგისეული გამოცემის 290 წლისთავს | ||
| 653 | _aრუსთაველი, შოთა | ||
| 653 | _aრუსთველოლოგია. | ||
| 653 | _aშოთა რუსთაველი და მისი "ვეფხისტყაოსანი" | ||
| 653 | _a ვახტანგისეული "ვეფხისტყაოსანი". | ||
| 700 |
_aბენაშვილი, გ _eრედაქტორი _910211 |
||
| 700 |
_aსულავა, ნ. _eრედაქტორი _910212 |
||
| 710 |
_aსაქართველოს მეცნიერებათა აკადემია _bშოთა რუსთაველის სახელობის ქართული ლიტერატურის ინსტიტუტი _918786 |
||
| 942 |
_2udc _cBK |
||